| 000 | 01271nam a22003977a 4500 | ||
|---|---|---|---|
| 001 | 1906875 | ||
| 003 | OSt | ||
| 005 | 20210426113048.0 | ||
| 008 | 840814s1984 kyua c 001 0 eng | ||
| 010 | _a 84199319 | ||
| 020 | _a0891452737 (pbk.) : | ||
| 040 |
_aDLC _cDLC _dDLC _beng |
||
| 041 | _aeng | ||
| 043 | _an-us-tn | ||
| 050 | 0 | 0 |
_aNK4210.S623 _bN48 1984 |
| 080 |
_a7 _bN-52 |
||
| 082 | 0 | 0 |
_a738.3/09768/982 _220 |
| 100 | 1 | _aNewbound, Betty. | |
| 245 | 1 | 0 |
_aSouthern Potteries Incorporated Blue Ridge dinnerware / _cby Betty and Bill Newbound ; photos by Jimmy Tafoya. _b/ by: Collector Books |
| 250 | _aRevised 2nd edition | ||
| 260 |
_aPaducah, Ky. : _bCollector Books _cc1984. |
||
| 300 |
_a155 p. Index 4 p. _bill. (some col.) ; _c22 cm. |
||
| 365 | _b9.95 usd | ||
| 500 | _aIncludes index. | ||
| 610 | 2 | 0 |
_aSouthern Potteries Incorporated _xCatalogs. |
| 650 | 0 |
_aBlue Ridge dinnerware _xCatalogs. |
|
| 650 | 0 |
_aArt _9447 |
|
| 650 | 0 |
_aPottery, American _zTennessee _zErwin _xCatalogs. |
|
| 653 | _aხელოვნება | ||
| 653 | _aკერამიკა | ||
| 700 | 1 | _aNewbound, Bill. | |
| 700 | 1 | _aTafoya, Jimmy. | |
| 740 | 0 | _aBlue Ridge dinnerware. | |
| 906 |
_a7 _bcbc _corignew _d2 _encip _f19 _gy-gencatlg |
||
| 942 |
_2udc _cBK _e2 |
||
| 999 |
_c986 _d986 |
||